| 000 | 00650nam a2200205Ii 4500 | ||
|---|---|---|---|
| 003 | JO-AjNU | ||
| 008 | 230606s9999||||xx |||||||||||||| ||und|| | ||
| 020 | _a978-1-5443-2011-3 | ||
| 040 |
_aJO-AjNU _beng _erda _cJO-AjNU |
||
| 041 | _aeng | ||
| 050 | 1 | 4 | _aLB2806.S5853 2020 |
| 100 | 3 |
_aSmylie,Mark A /Murphy,Joseph F/ Louis,Karen Seashore, _eauthor _96306 |
|
| 245 | 0 | 0 | _aCaring School Leadership |
| 264 | 3 | 1 | _aCalifornia: Corwin, 2020 |
| 300 | _a170P | ||
| 336 |
_atext _btxt _2rdacontent |
||
| 337 |
_aunmediated _bn _2rdamedia |
||
| 338 |
_avolume _bnc _2rdacarrier |
||
| 650 | 4 |
_aLCSH: Educational leadership-Psychological aspects-Caring _96307 |
|
| 999 |
_aE3271 _c3267 _d3267 |
||